000 00833nam a22002297a 4500
999 _c10452
_d10452
003 AR-CdUCM
008 190401b ||||| |||| 00| 0 spa d
040 _aMUNICIPALIDAD PROVINCIAL DEL CUSCO
_cBIBLIOTECA MUNICIPAL DEL CUSCO
041 _heng
082 _aEP / 800 /
_bB59
100 _aBlyton, Enid
_926549
245 _aLos formidables chicos del club de los siete /
260 _aBarcelona :
_bEditorial Juventud,
_c1964.
300 _a120 páginas ;
_bIlustraciones,
_c19 cm.
505 _aContenido: Se convoca una reunión -- La terrible Sussy -- El regalo -- El catalejo Maravilloso -- Mirando por el catalejo...
650 _aLiteratura escolar
_926679
650 _aCuentos variados
_98199
650 _aSIglo XX
_97898
700 _aUlsamer, Federico (traducción)
_927318
942 _2ddc
_cLIBROS
945 _adavv